000 00322nam a2200133Ia 4500
005 20251222143240.0
008 251222s9999||||xx |||||||||||||| ||spa||
020 _a84-7635-474-6
082 _a372.6/A77
100 _aArrarte, Gerardo
245 0 _aInternet y La Enseñanza del Español
264 _bArco
942 _cLIB
999 _c14538
_d14538